| 000 | 00000nam 2200000za 4500 |
| 001 | 9.678563 |
| 003 | CaOODSP |
| 005 | 20210119100313 |
| 007 | ta |
| 008 | 150407s1993||||xxc||||| f|0| 0 fre d |
| 020 | |a0-662-98333-5 |
| 040 | |aCaOODSP|bfre |
| 043 | |an-cn--- |
| 086 | 1 |aZ1-1989/3-41-10F |
| 110 | 1 |aCanada.|bCommission royale sur les nouvelles techniques de reproduction. |
| 245 | 10|aEnquête sur les programmes d'infertilité au Canada / |cpar Thomas Stephens et al. |
| 260 | |aOttawa - Ontario : |bCommissions royales. |c1993. |
| 300 | |axiv, 119p. : |bfigure, références, tableaux ; |c28 cm. |
| 500 | |a«Les principaux objectifs de cette étude sur les programmes d'infertilité au Canada étaient les suivants: fournir des statistiques de l'année 1991 sur les patientes, les traitements et les résultats; recueillir des informations sur les pratiques en matière de tenue des dossiers; recueillir des données sur les services de counseling; analyser les documents remis aux patientes.»--Abrégé. Données de catalogage avant publication (Canada) imprimées dans cette publication. |
| 520 | 3 |aLes principaux objectifs de cette étude sur les programmes d'infertilité au Canada étaient les suivants: fournir des statistiques de l'année 1991 sur les patientes, les traitements et les résultats; recueillir des informations sur les pratiques en matière de tenue des dossiers; recueillir des données sur les services de counseling; analyser les documents remis aux patientes.--Abrégé |
| 563 | |aCouverture souple |
| 691 | 07|aProcréatique|2gcpds |
| 691 | 07|aFécondité|2gcpds |
| 720 | 1 |aStephens, Thomas |
| 775 | 08|tSurvey of Canadian fertility programs / |w(CaOODSP)9.644755 |
| 776 | 0#|tEnquête sur les programmes d'infertilité au Canada / |w(CaOODSP)9.895413 |
| 986 | |a214-F |